000
00306nam a22001457a 4500
008
210305b ||||| |||| 00| 0 eng d
020
_a
9780030661747
041
_a
eng
080
_a
574
082
_a
574
100
_a
9
101
_a
MJE
245
_a
Enviromental Science
_c
Arms, K
942
_2
udc
_c
BK
999
_c
55840
_d
55840